Detalles MARC
| 000 -LIDER |
| fixed length control field |
01075nam a22003257a 4500 |
| 001 - NÚMERO DE CONTROL |
| Identificador de número de control |
0074 |
| 003 - IDENTIFICACDOR DE NÚMERO DE CONTROL |
| control field |
DO-SdBNP |
| 005 - DATE AND TIME OF LATEST TRANSACTION |
| control field |
20171109111802.0 |
| 007 - CAMPOS FIJOS DE DESCRIPCIÓN FÍSICA |
| fixed length control field |
0074 |
| 008 - ELEMENTOS DE LONGITUD FIJA |
| fixed length control field |
151007b sp 1994 xxu||||| |||| 00| 0 spa d |
| 020 ## - ISBN |
| International Standard Book Number |
9788485252336 |
| 040 ## - FUENTE DE CATALOGACIÓN |
| Agencia que crea de manera original el registro |
BPMSU |
| Idioma de catalogación |
spa |
| Agencia que realiza la transcripción |
BPMSU |
| 082 #4 - NÚMERO DE CLASIFICACIÓN DECIMAL DE DEWEY |
| Classification number |
371.9142 |
| Item number |
P281d, 1992 |
| 100 10 - ASIENTO PRINCIPAL -- NOMBRE PERSONAL |
| Nombre personal |
Pascual García, Pilar |
| 245 13 - MENCIÓN DE TITULO |
| Título |
La dislalia : |
| Subtítulo |
naturaleza, diagnostico y rehabilitación / |
| Mención de responsabilidad |
Pilar Pascual García |
| 250 ## - MENCIÓN DE EDICION |
| Mención de edición |
9a. ed. |
| 260 0# - PUBLICACIÓN, DISTRIBUCIÓN, ETC. (PIE DE IMPRENTA) |
| Lugar de publicación, distribución, etc |
Madrid : |
| Nombre del editor, distribuidor, etc. |
Ciencias de la Educación Preescolar y Especial, |
| Fecha de publicación, distribución, etc |
1992 |
| 300 ## - DESCRIPCIÓN FÍSICA |
| Extensión |
185 p. : |
| Otros detalles físicos |
il., |
| Dimensiones |
24 cm. |
| 490 1# - MENCIÓN DE SERIES |
| Mención de serie |
Educación especial |
| Volume/sequential designation |
10 |
| 500 ## - NOTA GENERAL |
| Nota general |
Incluye referencias bibliográficas y notas al pie de las páginas |
| 504 ## - NOTA DE BIBLIOGRAFÍA, ETC. |
| Bibliography, etc |
Bibliografia: p. 181-182 |
| 650 #4 - ENCABEZAMIENTO DE MATERIA--TEMÁTICO |
| Término temático o nombre geográfico como elemento de entrada |
TRASTORNOS DEL HABLA |
| 650 #4 - ENCABEZAMIENTO DE MATERIA--TEMÁTICO |
| Término temático o nombre geográfico como elemento de entrada |
TRASTORNOS DE LA PRONUNCIACIÓN EN NIÑOS |
| 650 #4 - ENCABEZAMIENTO DE MATERIA--TEMÁTICO |
| Término temático o nombre geográfico como elemento de entrada |
DISLALIA |
| 830 00 - ASIENTO SECUNDARIO DE SERIE--TÍTULO UNIFORME |
| Título uniforme |
Educación especial |
| Número de la parte o sección de una obra |
10 |
| 910 ## - VALIDACIÓN |
| Validación |
Validado. Control de calidad MFF |
| 942 ## - ADDED ENTRY ELEMENTS (KOHA) |
| Source of classification or shelving scheme |
Dewey Decimal Classification |
| Koha item type |
Libros |
| 945 ## - INFORMACIÓN DE PROCESAMIENTO LOCAL |
| Información de procesamiento local |
Inventariado extranjero / 2017 VM |
| 956 ## - LOCAL ELECTRONIC LOCATION AND ACCESS (OCLC) |
| Nombre de host |
BTAVÁREZ |
| Número de acceso |
10 |
| Información de compresión |
20151105 |
| Trayectoria |
0074 |